[Event "ICS rated blitz match"]
[Site "204.178.125.65"]
[Date "1999.09.18"]
[Round "?"]
[White "brutus"]
[Black "Hossa"]
[Result "0-1"]
[WhiteElo "2096"]
[BlackElo "2475"]
[PlyCount "62"]
[EventDate "1999.??.??"]

1. e4 e5 2. Nf3 Nc6 3. Bb5 a6 4. Ba4 Nf6 5. Qe2 b5 6. Bb3 Bc5 7. c3 O-O 8. d3
d6 9. Bg5 a5 10. a3 a4 11. Bc2 Bg4 12. Nbd2 Qe7 13. h3 Be6 14. Nf1 h6 15. Bh4
d5 16. g4 dxe4 17. dxe4 Bc4 18. Bd3 Bxd3 19. Qxd3 Rab8 20. Ng3 Rfd8 21. Qe2 Qe6
22. g5 hxg5 23. Bxg5 Rd7 24. Nf5 Ne8 25. O-O Nd6 26. N3h4 Qc4 27. Qh5 Nxe4 28.
Nxg7 Kxg7 29. Qh6+ Kg8 30. Bf6 Nxf6 31. Qxf6 31... Be7 {brutus resigns} 0-1

[Event "ICS rated blitz match"]
[Site "204.178.125.65"]
[Date "1999.08.29"]
[Round "?"]
[White "brutus"]
[Black "Hossa"]
[Result "0-1"]
[WhiteElo "2097"]
[BlackElo "2476"]
[PlyCount "56"]
[EventDate "1999.??.??"]

1. e4 c5 2. Nf3 d6 3. d4 cxd4 4. Nxd4 Bd7 5. Nc3 Nc6 6. Be3 Nf6 7. f3 Nxd4 8.
Qxd4 Bc6 9. O-O-O e5 10. Qd2 Be7 11. g4 O-O 12. g5 Nd7 13. h4 f6 14. Bc4+ Kh8
15. g6 hxg6 16. Rdg1 Kh7 17. Be6 Nc5 18. h5 g5 19. Bf5+ Kh6 20. Nd1 Bd7 21. Bg6
Be8 22. Bf5 Bd7 23. Nf2 Bxf5 24. exf5 d5 25. Ng4+ Kh7 26. h6 Rh8 27. Qf2 Rc8
28. Rh5 28... Nd3+ {brutus resigns} 0-1

[Event "ICS rated blitz match"]
[Site "204.178.125.65"]
[Date "1999.09.01"]
[Round "?"]
[White "brutus"]
[Black "Hossa"]
[Result "1-0"]
[WhiteElo "2080"]
[BlackElo "2529"]
[PlyCount "74"]
[EventDate "1999.??.??"]

1. e4 c5 2. Nf3 e6 3. d4 cxd4 4. Nxd4 Nf6 5. Nc3 d6 6. Be3 Be7 7. f3 O-O 8. Qd2
d5 9. e5 Nfd7 10. f4 Nc6 11. Bd3 Bc5 12. Nce2 Bb4 13. c3 Nxd4 14. Nxd4 Ba5 15.
O-O-O Nc5 16. Bc2 Bc7 17. h4 f6 18. Nf3 Nd7 19. Bd4 fxe5 20. fxe5 Nb6 21. Qd3
Rf5 22. g4 g6 23. gxf5 gxf5 24. Rdg1+ Kh8 25. Ng5 Qe8 26. Qg3 Qe7 27. Ne4 Bd7
28. Nf6 Qf7 29. Rh2 Qxf6 30. exf6 Bxg3 31. Rxg3 e5 32. Bxe5 Nc4 33. Bd4 h5 34.
Rhg2 Ne5 35. Bxe5 Re8 36. f7+ Rxe5 37. f8=Q+ 37... Kh7 {Hossa resigns} 1-0

[Event "ICS rated blitz match"]
[Site "204.178.125.65"]
[Date "1999.09.01"]
[Round "?"]
[White "brutus"]
[Black "Hossa"]
[Result "0-1"]
[WhiteElo "2107"]
[BlackElo "2502"]
[PlyCount "54"]
[EventDate "1999.??.??"]

1. e4 c5 2. Nf3 d6 3. d4 Nf6 4. Nc3 cxd4 5. Nxd4 a6 6. Be3 e5 7. Nb3 Be6 8. Qd2
Be7 9. O-O-O Ng4 10. Kb1 O-O 11. f3 Nxe3 12. Qxe3 Nc6 13. g4 Nb4 14. h4 Bxh4
15. Rd2 Bxb3 16. Rdh2 Bxc2+ 17. Ka1 g5 18. a3 Qa5 19. Rxh4 gxh4 20. Qg5+ Kh8
21. Qf6+ Kg8 22. Qg5+ Kh8 23. Rxh4 Rg8 24. Qf6+ Rg7 25. Qxd6 Nc6 26. Bc4 Nd4
27. Nd5 27... Qe1+ {brutus resigns} 0-1

[Event "ICS rated blitz match"]
[Site "204.178.125.65"]
[Date "1999.10.05"]
[Round "?"]
[White "brutus"]
[Black "Hossa"]
[Result "0-1"]
[WhiteElo "2188"]
[BlackElo "2443"]
[PlyCount "90"]
[EventDate "1999.??.??"]

1. e4 c5 2. Nf3 e6 3. d4 cxd4 4. Nxd4 a6 5. Nc3 Qc7 6. Be3 Ba3 7. Qc1 Nf6 8.
Bd3 Qxc3+ 9. bxc3 Bxc1 10. Rxc1 d5 11. e5 Ng4 12. Bf4 Nd7 13. Nf3 f6 14. exf6
O-O 15. h3 Ngxf6 16. Bd6 Re8 17. Ne5 Nxe5 18. Bxe5 Nd7 19. Bg3 b5 20. O-O e5
21. Bf5 Nb6 22. Bd3 Na4 23. Rfe1 e4 24. Be2 Nxc3 25. f3 Nxa2 26. Rcd1 Nc3 27.
Rd4 Bf5 28. fxe4 Nxe2+ 29. Rxe2 Rxe4 30. Rexe4 Bxe4 31. Rb4 Rc8 32. Rb2 Rxc2
33. Rxc2 Bxc2 34. Be1 d4 35. Kf2 Kf7 36. Ke2 Be4 37. g3 Ke6 38. Bb4 Kd5 39. Kd2
Kc4 40. Bf8 g6 41. Bg7 a5 42. Kc1 b4 43. Kb2 a4 44. Bf8 d3 45. Bg7 45... d2 {
brutus resigns} 0-1

[Event "ICS rated blitz match"]
[Site "204.178.125.65"]
[Date "1999.08.31"]
[Round "?"]
[White "brutus"]
[Black "Hossa"]
[Result "0-1"]
[WhiteElo "2084"]
[BlackElo "2522"]
[PlyCount "44"]
[EventDate "1999.??.??"]

1. e4 c5 2. Nf3 d6 3. d4 Nf6 4. dxc5 Nxe4 5. cxd6 Nc6 6. Bb5 Nxd6 7. Bxc6+ bxc6
8. O-O Bg4 9. Bf4 Nc4 10. Nbd2 Nxb2 11. Qc1 Bxf3 12. Qxb2 Bg4 13. Nc4 Be2 14.
Ne5 Bxf1 15. Rxf1 Rc8 16. Qb7 f6 17. Nxc6 Qd7 18. Qxd7+ Kxd7 19. Nxa7 Rxc2 20.
a3 e5 21. Rd1+ Ke6 22. Nb5 22... Rc5 {brutus resigns} 0-1

[Event "ICS rated blitz match"]
[Site "204.178.125.65"]
[Date "1999.10.05"]
[Round "?"]
[White "brutus"]
[Black "Hossa"]
[Result "0-1"]
[WhiteElo "2201"]
[BlackElo "2430"]
[PlyCount "134"]
[EventDate "1999.??.??"]

1. e4 c5 2. Nf3 e6 3. d4 cxd4 4. Nxd4 Nf6 5. Nc3 d6 6. Be3 a6 7. Qd2 Nc6 8. f3
d5 9. exd5 Nxd5 10. Nxd5 exd5 11. Bd3 Bb4 12. c3 Bd6 13. Bg5 f6 14. Be3 Ne5 15.
O-O O-O 16. Rfe1 Nxd3 17. Qxd3 Re8 18. Bf2 Be5 19. Bg3 Bd7 20. f4 Bxd4+ 21.
Qxd4 Qa5 22. a3 Bc6 23. Bf2 Re4 24. Qd2 Rae8 25. Bd4 Qc7 26. g3 Qe7 27. Kf2 a5
28. Re3 Qe6 29. Rae1 Qh3 30. Kg1 R8e6 31. Qg2 Qxg2+ 32. Kxg2 Rxe3 33. Rxe3 Rxe3
34. Bxe3 d4+ 35. Kf2 dxe3+ 36. Kxe3 a4 37. Kd4 Bf3 38. Kc5 h5 39. Kb5 Bc6+ 40.
Kb4 f5 41. b3 axb3 42. Kxb3 Be4 43. Kb4 Kf7 44. c4 g6 45. c5 Ke6 46. a4 Kd5 47.
Kb5 Kd4 48. a5 h4 49. Kb6 hxg3 50. hxg3 Kc4 51. a6 bxa6 52. c6 Bxc6 53. Kxc6 a5
54. Kd6 a4 55. Ke5 a3 56. Kf6 a2 57. Kxg6 Kd5 58. Kxf5 Kd4 59. g4 Kd5 60. Kg6
Ke4 61. f5 Ke5 62. g5 Kf4 63. f6 a1=Q 64. Kh6 Kf5 65. Kh7 Qa7+ 66. Kh6 Qf7 67.
g6 67... Qxg6# {brutus checkmated} 0-1

[Event "ICS rated blitz match"]
[Site "204.178.125.65"]
[Date "1999.09.24"]
[Round "?"]
[White "brutus"]
[Black "Hossa"]
[Result "0-1"]
[WhiteElo "2136"]
[BlackElo "2447"]
[PlyCount "52"]
[EventDate "1999.??.??"]

1. e4 e5 2. Nf3 Nf6 3. Nc3 Bb4 4. Bc4 d6 5. O-O Bxc3 6. bxc3 Nxe4 7. Re1 f5 8.
d4 Qe7 9. dxe5 dxe5 10. Nxe5 Qxe5 11. Bg5 Nc6 12. Bd5 Qxc3 13. Bxc6+ bxc6 14.
f3 Qc5+ 15. Be3 Qd5 16. fxe4 fxe4 17. Bd4 O-O 18. c3 c5 19. Be3 Qc4 20. Qc2 Ba6
21. Rad1 Rf7 22. Bf2 Raf8 23. Rxe4 Rxf2 24. Rxc4 Rxc2 25. Rxc5 Bb7 26. Rg5
26... Rxa2 {brutus resigns} 0-1

[Event "ICS rated blitz match"]
[Site "204.178.125.65"]
[Date "1999.09.09"]
[Round "?"]
[White "brutus"]
[Black "Hossa"]
[Result "0-1"]
[WhiteElo "2075"]
[BlackElo "2462"]
[PlyCount "48"]
[EventDate "1999.??.??"]

1. e4 c5 2. Nf3 d6 3. d4 cxd4 4. Nxd4 Nf6 5. Nc3 a6 6. Be3 e5 7. Nb3 Be6 8. f3
d5 9. exd5 Bxd5 10. Bd3 Bb4 11. O-O Bxc3 12. bxc3 Nbd7 13. Bf5 O-O 14. Bg5 Qb6+
15. Kh1 Be6 16. Bxe6 Qxe6 17. Qe1 Qf5 18. Qh4 Qxc2 19. Rac1 Qxa2 20. Rb1 Rfc8
21. f4 Ne4 22. f5 Nxc3 23. f6 Nxb1 24. fxg7 24... Qxb3 {brutus resigns} 0-1

[Event "ICS rated blitz match"]
[Site "204.178.125.65"]
[Date "1999.09.17"]
[Round "?"]
[White "carbide"]
[Black "Hossa"]
[Result "1/2-1/2"]
[WhiteElo "2315"]
[BlackElo "2454"]
[Annotator "Fritz 5.32 (20s)"]
[PlyCount "108"]
[EventDate "1999.??.??"]

1. d4 1... Nf6 {Opening = 4.Qc2 0-0} 2. c4 e6 3. Nc3 Bb4 4. Qc2 O-O 5. a3 Bxc3+
6. Qxc3 b5 7. cxb5 c6 8. bxc6 Nxc6 9. Nf3 (9. b4 Ba6 10. Bg5 h6 11. Bxf6 Qxf6
12. Nf3 Rac8 13. Qb2 Rc7 14. e3 Bxf1 15. Kxf1 Rfc8 16. Ke2 Na5 17. Rhc1 Nc4 18.
Qc3 e5 19. Qd3 d6 20. Nd2 Nxd2 21. Qxd2 exd4 22. exd4 Rxc1 23. Rxc1 Rxc1 24.
Qxc1 Qxd4 25. Qc8+ Kh7 26. Qf5+ 26... Kg8 {
- Polugaevsky,L-Dzindzichashvili,R/Reykjavik 1990/CBM 18/[Ftacnik] (26)}) (9.
Bg5 Bb7 10. e3 Rc8 11. Bxf6 gxf6 12. e4 Qb6 13. Rd1 e5 14. dxe5 Nxe5 15. Qg3+
Kh8 16. Qf4 Ng6 17. Qd6 Qxb2 18. Bd3 Rfe8 19. f3 Qxg2 20. Qg3 Qxh1 21. Kd2 Ne5
22. Be2 Rg8 23. Qh4 Rc6 24. f4 24... Qxe4 {
0-1 Stanciu,G-Muresan,M/ROM-chW 1992/TD (24)}) 9... Ba6 10. e3 $146 (10. b4 Rc8
11. Qb2 Qb6 12. g3 Ne4 13. e3 Ne7 14. Bxa6 Qxa6 15. b5 Qb7 16. O-O Nc3 17. Ne5
f6 18. Nd3 Qf3 19. Re1 h5 20. Nf4 g5 21. Bd2 gxf4 22. Bxc3 h4 23. h3 fxg3 24.
Bb4 Kf7 25. fxg3 Rg8 26. Qf2 Rxg3+ 27. Kf1 27... Qe4 {
0-1 Botsari Miladinovic,A-Jahn,C/Subotica 1991/TD (27)}) (10. Bg5 Rc8 11. e3
Qb6 12. Bxf6 gxf6 13. Bxa6 Qxa6 14. Rd1 Na5 15. Qd3 Qxd3 16. Rxd3 Rc1+ 17. Rd1
Rc2 18. Rd2 Rfc8 19. O-O d5 20. b4 Rxd2 21. Nxd2 Rc2 22. bxa5 22... Rxd2 {
- Nordstrom,F-Clementsson,J/Helsingborg 1991/EXT 97 (22)}) 10... Bxf1 11. Kxf1
Rc8 12. Qe1 d5 13. g3 Qb6 14. Kg2 Qb3 15. Qd1 Qc4 16. Nd2 Qb5 17. Qf1 Qb7 18.
Qd3 Rc7 19. b4 Rfc8 20. Bb2 20... Rb8 $16 (20... Na5 21. bxa5 Qxb2 22. Rhb1 $14
) 21. Rhc1 a5 22. Bc3 $14 (22. bxa5 Nxa5 (22... Qxb2 $2 {
ist einladend aus, doch} 23. Rab1 $18) 23. Rab1 23... Rbc8 $16) 22... axb4 23.
axb4 Nxb4 24. Bxb4 Rxc1 25. Rxc1 Qxb4 26. Rb1 Qf8 27. Rxb8 Qxb8 28. Qb3 {
Droht Matt} 28... Qxb3 29. Nxb3 g5 30. f3 Kg7 31. Kf2 31... h5 {
Schwarz bereitet g4 vor} 32. Ke2 g4 33. Nc5 Kf8 34. f4 Ke7 35. Kf2 Nd7 36. Nxd7
Kxd7 37. Ke2 f5 38. Kd3 Kd6 39. Kc3 Kc6 40. Kb4 Kd7 41. Kb5 {
Der weisse Koenig wird gefaehrlich} 41... Kc7 42. Kc5 Kd7 43. Kb6 {
Weiss geht zum Angriff ueber} 43... Kd6 44. Kb7 Kd7 45. Kb6 Kd6 46. Kb5 Kd7 47.
Kc5 Kc7 48. Kb5 48... Kd6 $4 $18 {vergibt den Vorteil} (48... Kb7 $11 $142 {
nur damit konnte man noch auf Rettung hoffen}) 49. Kb6 Kd7 50. Kc5 $11 (50. Kb7
Kd6 51. Kc8 $18) 50... Kc7 51. Kb5 Kd6 52. Kb6 Kd7 53. Kc5 $11 (53. Kb7 Kd6 54.
Kc8 $18) 53... Kc7 54. Kb5 Kd6 1/2-1/2

[Event "ICS rated blitz match"]
[Site "204.178.125.65"]
[Date "1999.09.01"]
[Round "?"]
[White "carbide"]
[Black "Hossa"]
[Result "0-1"]
[WhiteElo "2276"]
[BlackElo "2532"]
[PlyCount "92"]
[EventDate "1999.??.??"]

1. Nf3 Nf6 2. e3 d5 3. b3 Bg4 4. Bb2 e6 5. h3 Bxf3 6. Qxf3 Nbd7 7. d4 c5 8. Be2
cxd4 9. exd4 Bd6 10. O-O O-O 11. Nd2 Qc7 12. c4 Bf4 13. Rfd1 Rac8 14. g3 Bxd2
15. Rxd2 Ne4 16. Rdd1 Ndf6 17. c5 Qa5 18. Qd3 Rc6 19. a3 Qd8 20. b4 Qe7 21. b5
Rc7 22. a4 Qd7 23. Rdc1 Ng5 24. h4 Nh3+ 25. Kg2 Ne4 26. Rf1 Nexf2 27. Rxf2 Nxf2
28. Kxf2 Qe7 29. Kg2 Re8 30. Re1 b6 31. c6 a6 32. Bd1 Qb4 33. Bc2 Qxb2 34.
Qxh7+ Kf8 35. Re2 Qxd4 36. h5 Qg4 37. Rf2 axb5 38. axb5 f5 39. h6 Rf7 40. hxg7+
Rxg7 41. Qh8+ Kf7 42. Qh3 Qxh3+ 43. Kxh3 Reg8 44. Rf3 Ke7 45. Bb3 f4 46. gxf4
46... Rh7# {carbide checkmated} 0-1

[Event "ICS rated blitz match"]
[Site "204.178.125.65"]
[Date "1999.09.10"]
[Round "?"]
[White "carbide"]
[Black "Hossa"]
[Result "0-1"]
[WhiteElo "2292"]
[BlackElo "2478"]
[PlyCount "59"]
[EventDate "1999.??.??"]

1. d4 d5 2. c4 e6 3. Nc3 Nf6 4. cxd5 Nxd5 5. e4 Nxc3 6. bxc3 c5 7. Nf3 cxd4 8.
cxd4 Bb4+ 9. Bd2 Bxd2+ 10. Qxd2 O-O 11. Bd3 Nc6 12. Bc2 Ne7 13. O-O f5 14. Rad1
b6 15. Rfe1 Kh8 16. Bb3 fxe4 17. Rxe4 Bb7 18. Rxe6 Bxf3 19. gxf3 Ng6 20. Re3
Nh4 21. Kh1 Nxf3 22. Qe2 Nh4 23. d5 Rc8 24. d6 Qg5 25. Rg1 Qc5 26. Qd2 Nf3 27.
Rxf3 Rxf3 28. d7 Rd8 29. Qe2 Rxf2 30. Qg4 {carbide resigns} 0-1

[Event "ICS rated blitz match"]
[Site "204.178.125.65"]
[Date "1999.09.17"]
[Round "?"]
[White "carbide"]
[Black "Hossa"]
[Result "0-1"]
[WhiteElo "2311"]
[BlackElo "2458"]
[Annotator "Fritz 5.32 (20s)"]
[PlyCount "146"]
[EventDate "1999.??.??"]

1. d4 1... Nf6 {Opening = A46 - 2.Nf3(e6)} 2. Nf3 d6 3. c3 Nbd7 4. Bf4 (4. Bg5
h6 5. Bh4 g5 6. Bg3 Nh5 7. e3 Bg7 8. Bd3 e6 9. Nbd2 f5 10. Ng1 Ndf6 11. f3 Nxg3
12. hxg3 d5 13. Ne2 Qd6 14. Qb3 c5 15. Qb5+ Nd7 16. e4 a6 17. Qa4 cxd4 18. cxd4
18... dxe4 {Bohm,H-Ljubojevic,L/Wijk aan Zee 1976/MCD/0-1 (48)}) 4... h6 $146 {
Sichert g5} (4... Nh5 5. Qd2 Nxf4 6. Qxf4 e6 7. e4 Be7 8. Nbd2 O-O 9. Be2 e5
10. dxe5 dxe5 11. Qg3 Bf6 12. O-O Nc5 13. Rfd1 Nd3 14. Bxd3 Qxd3 15. Ne1 Qb5
16. b3 Rd8 17. c4 Qa5 18. Nd3 Qc3 19. Nf1 {
Breutigam,M-Kavalek,L/BL8990 1990/GER-chT/0-1 (31)}) (4... c6 5. Nbd2 (5. h3 g6
6. Nbd2 Bg7 7. e3 O-O 8. Be2 Re8 9. Bh2 Nb6 10. a4 a5 11. O-O Nfd7 12. c4 e5
13. b4 exd4 14. exd4 Nf6 15. Bd3 axb4 16. a5 Nbd7 17. Bxd6 Rxa5 18. Bxb4 Rxa1
19. Qxa1 c5 20. Bc3 cxd4 21. Bxd4 21... Nc5 {
- Lutikov,A-Minic,D/Hamburg 1965/EU-chT (21)}) 5... Qa5 (5... Qc7 6. h3 e5 7.
dxe5 dxe5 8. Bh2 b5 9. e3 Bb7 10. Be2 Bd6 11. O-O O-O 12. Qc2 Rfe8 13. Rfd1
Rad8 14. Rac1 Qb8 15. Nb3 Bc7 16. c4 b4 17. c5 Nf8 18. Nfd2 Bc8 19. Bf3 Nd5 20.
Nc4 {Feibert,F-Leurer,G/Wittlich 1985/GER/ - (52)}) 6. h3 e5 7. dxe5 Nxe5 8.
Nxe5 dxe5 9. Nc4 Qc5 10. Nxe5 Nd5 11. Nd3 Qb6 12. Bg3 Bf5 13. e4 Bxe4 14. Qe2
f5 15. f3 Qe3 16. Qxe3 Nxe3 17. fxe4 fxe4 18. Ke2 {
- Bohnstorff,M-Loeber,W/Germany 1997/EXT 99 (18)}) 5. h4 Ng4 6. Nbd2 e5 7. dxe5
dxe5 8. Bg3 f5 9. e3 9... Be7 $14 (9... Qf6 10. Qa4 $11) 10. h5 10... e4 {
Schwarz engt den Gegner ein} 11. Nh4 Nde5 12. Nc4 12... Nd3+ $16 {
Schoenes Feld d3!} (12... Bxh4 13. Rxh4 (13. Nxe5 $143 13... Qxd1+ 14. Rxd1
Bxg3 15. Nxg4 15... Bd6 $15 (15... fxg4 $143 16. fxg3 Be6 17. Rd4 $11)) 13...
Nd3+ 14. Bxd3 exd3 15. f3 $14) 13. Bxd3 13... Bxh4 $16 (13... exd3 14. Ng6 Be6
15. Nxh8 Bxc4 16. Ng6 $16) 14. Bxh4 ({Weniger gut ist} 14. Rxh4 14... exd3 15.
f3 Qd5 16. fxg4 f4 17. Bxf4 17... Qxc4 $14) 14... Qxd3 {
Schwarz verhindert die kurze Rochade} 15. Qxd3 $14 (15. Qa4+ Qd7 16. Qb4 16...
a5 $14) 15... exd3 {Der Freibauer marschiert} 16. f3 $11 (16. O-O-O $5 $14 $142
{bedarf naeherer Analyse}) 16... b5 17. fxg4 bxc4 18. gxf5 Bxf5 19. b3 O-O 20.
bxc4 20... Be4 {Eine wichtige Figur} 21. Rg1 Rab8 22. O-O-O $15 (22. Be7 Rf7
23. Ba3 23... a6 $15) 22... Kh7 $11 (22... Rb7 $5 23. Rgf1 23... Rfb8 $17) 23.
Rdf1 $4 $19 {danach kann Weiss alle Traeume begraben} (23. Rgf1 $11 $142 {
sieht noch spielbar aus}) 23... Rxf1+ $4 $14 {
danach kann Schwarz alle Traeume begraben} (23... d2+ 24. Kxd2 Rb2+ 25. Ke1
25... Rfb8 $19) 24. Rxf1 Bxg2 25. Rf7 Be4 26. Bf6 {
Richtet die Aufmerksamkeit auf den rueckstaendigen Bauern} (26. Rxc7 $4 {
der Bauer ist nicht zu nehmen} 26... Rb1+ $3 {das entscheidende Opfer} 27. Kxb1
d2+ 28. Kb2 28... d1=Q $19) 26... Rg8 $16 (26... Kg8 $5 {ist zu ueberlegen} 27.
Rxg7+ 27... Kf8 $14) 27. Rxc7 {Der Freibauer c4 greift sofort ein} 27... Bf3
28. Kd2 Bxh5 29. Kxd3 a5 30. c5 Kg6 31. Bd4 Bf3 32. Rd7 a4 33. c6 Bg4 34. Ra7
Bf3 35. Rxa4 {Der Freibauer a2 koennte gefaehrlich werden} 35... Bxc6 36. Ra6
Rc8 37. Ra7 Bb5+ 38. Ke4 Re8+ (38... Bc6+ 39. Kf4 Rf8+ 40. Kg4 $18) 39. Kd5 Rg8
40. a4 Be2 41. a5 Rd8+ 42. Kc5 Rc8+ 43. Kb6 Rb8+ 44. Rb7 $16 (44. Kc6 $5 $142
44... Rc8+ 45. Kd6 Rd8+ 46. Ke7 $18) 44... Rxb7+ 45. Kxb7 Bf3+ 46. Kb8 Be2 47.
Kb7 $11 (47. Kc7 $5 $16) 47... Bf3+ 48. Kb6 Kf7 49. a6 $14 (49. c4 49... Ke6
$16) 49... h5 (49... g5 50. Kc5 Ke6 51. e4 Bxe4 52. Be3 $11) 50. a7 $11 (50.
Kc7 $5 $14 {steht zur Diskussion}) 50... h4 51. Kc7 Ke6 52. e4 {Droht Matt: a8Q
} (52. Bxg7 $4 {der Bauer ist nicht zu nehmen} 52... h3 $19) 52... Bxe4 53. Bg1
(53. Bxg7 $4 {das Schlagen des Bauern ist schlecht} 53... h3 54. Kb6 54... h2
$19) 53... g5 54. Kb8 $17 (54. Bf2 $5 $11 $142 {muss geprueft werden}) 54... h3
$11 (54... g4 55. Bb6 55... g3 $19) 55. a8=Q $15 (55. Kc7 g4 56. Bh2 56... Bf3
$11) 55... Bxa8 56. Kxa8 56... Kd5 $4 $15 {danach wendet sich das Blatt} (56...
Ke5 $19 $142 {und Schwarz bekommt die Oberhand}) 57. Kb7 $2 $19 (57. Bh2 $15
$142 {damit waere Weiss im Spiel geblieben}) 57... Kc4 58. Bh2 Kxc3 59. Kc6 Kd3
60. Kd6 Ke4 61. Ke6 Kf3 62. Kf6 g4 63. Kg5 (63. Bd6 {hilft auch nicht mehr}
63... g3 $19) 63... g3 64. Bxg3 Kxg3 65. Kf5 Kf3 66. Ke5 h2 67. Kf6 67... h1=Q
{Es droht Matt} 68. Ke5 Qd1 69. Ke6 Ke4 70. Kf6 Qd7 71. Kg5 (71. Kg6 {
macht keinen grossen Unterschied} 71... Qe7 72. Kh5 Kf5 73. Kh6 Qd7 74. Kh5
Qh7#) 71... Qg7+ 72. Kh4 (72. Kh5 {aendert nichts am Ausgang der Partie} 72...
Kf4 73. Kh4 Qg4#) 72... Kf4 73. Kh3 (73. Kh5 {
kann das Vorangegangene nicht ungeschehen machen} 73... Qg5#) 73... Qg3# 0-1

[Event "ICS rated blitz match"]
[Site "204.178.125.65"]
[Date "1999.09.17"]
[Round "?"]
[White "carbide"]
[Black "Hossa"]
[Result "0-1"]
[WhiteElo "2324"]
[BlackElo "2445"]
[Annotator "Fritz 5.32 (20s)"]
[PlyCount "24"]
[EventDate "1999.??.??"]

1. e3 1... d5 {Opening = 1.---} 2. c3 (2. g3 e5 3. Bg2 c6 4. b3 Bd6 5. Bb2 Ne7
6. Ne2 O-O 7. d3 f5 8. Nd2 Nd7 9. O-O f4 10. c4 fxe3 11. fxe3 Nf5 12. Rf3 Qg5
13. Nf1 Nf6 14. e4 dxe4 15. dxe4 Bc5+ 16. Kh1 Nxe4 17. Rxf5 17... Bxf5 {
0-1 Konttinen,T-Tiitta,S/Finland 1993/EXT 99 (17)}) (2. b3 e5 (2... e6 3. Bb2
Nf6 4. g3 Be7 5. Bg2 c5 6. d4 Nc6 7. dxc5 Bxc5 8. Ne2 Bd7 9. O-O O-O 10. Nd2 b5
11. c4 bxc4 12. bxc4 dxc4 13. Bxf6 gxf6 14. Nxc4 Rc8 15. Nc3 Ne5 16. Nxe5 fxe5
17. Ne4 Bb5 18. Qh5 f6 19. Rfd1 Qe8 20. Qxe8 Bxe8 21. Rdc1 {
1-0 Paulsen,W-Metger,J/Frankfurt 1878/HCL (21)}) 3. Bb2 f6 (3... Bd6 4. c4 dxc4
5. Bxc4 Nf6 6. Nc3 O-O 7. h3 Nc6 8. Nge2 Qe7 9. Ng3 Ba3 10. Bxa3 Qxa3 11. Nh5
Qe7 12. Nxf6+ Qxf6 13. Qh5 Qf5 14. Qh4 Be6 15. Bd5 Bxd5 16. Nxd5 Qd7 17. Nc3
Rad8 18. Rd1 {Mason,J-Schlechter,C/London 1899/HCL/ - (36)}) 4. d4 e4 5. c4 c6
6. Ne2 f5 7. Nbc3 Nf6 8. Rc1 Be6 9. Nf4 Kf7 10. h4 g6 11. Be2 Bd6 12. g3 a6 13.
c5 Bc7 14. b4 Nbd7 15. a4 b6 16. b5 16... axb5 {
Ehrke,M-Putzbach,G/BL2-N 1991/GER-chT2/1-0 (33)}) 2... e5 3. d4 Bd6 4. Nf3 (4.
dxe5 Bxe5 5. Nf3 5... Bf6 $11) 4... e4 {Schwarz gewinnt Raum} 5. Nfd2 Ne7 6. c4
{Der thematische Vorstoss} 6... c6 7. Nc3 O-O 8. f4 $15 (8. Qb3 8... Bc7 $11)
8... Nf5 9. Ndb1 $2 $19 (9. Qe2 $142 {und Weiss spielt mit} 9... Be6 10. g3 $15
) 9... Qh4+ 10. Kd2 (10. g3 Nxg3 11. hxg3 Qxh1 12. cxd5 cxd5 13. Nxd5 13... Bh3
$19) 10... Nxe3 $1 {die Entscheidung} 11. Kxe3 (11. g3 Nxd1 12. gxh4 $19) 11...
Bxf4+ 12. Ke2 Bg4# 0-1

[Event "ICS rated blitz match"]
[Site "204.178.125.65"]
[Date "1999.09.10"]
[Round "?"]
[White "carbide"]
[Black "Hossa"]
[Result "0-1"]
[WhiteElo "2292"]
[BlackElo "2478"]
[PlyCount "43"]
[EventDate "1999.??.??"]

1. d4 d5 2. c4 e6 3. Nc3 Nf6 4. cxd5 Nxd5 5. e4 Nxc3 6. bxc3 c5 7. Nf3 cxd4 8.
cxd4 Bb4+ 9. Bd2 Bxd2+ 10. Qxd2 O-O 11. Bd3 Nc6 12. Bc2 Ne7 13. O-O f5 14. Rad1
b6 15. Rfe1 Kh8 16. Ne5 fxe4 17. Bxe4 Nd5 18. Bxd5 Qxd5 19. Qg5 Bb7 20. Re3 Rf5
21. Qg3 Qxa2 22. h4 {carbide resigns} 0-1

[Event "ICS rated blitz match"]
[Site "204.178.125.65"]
[Date "1999.09.13"]
[Round "?"]
[White "champion-10"]
[Black "Hossa"]
[Result "0-1"]
[WhiteElo "2071"]
[BlackElo "2424"]
[PlyCount "86"]
[EventDate "1999.??.??"]

1. e4 c5 2. c3 d5 3. exd5 Qxd5 4. d4 Bf5 5. Nf3 Nc6 6. Be3 cxd4 7. cxd4 Bxb1 8.
Rxb1 Qxa2 9. d5 Rd8 10. Ra1 Qxd5 11. Qxd5 Rxd5 12. Bc4 Rd7 13. Bxa7 e6 14. Be3
Bb4+ 15. Ke2 Nf6 16. Ra8+ Rd8 17. Rxd8+ Kxd8 18. Rd1+ Ke7 19. Nd4 Ne5 20. Bb3
Rd8 21. h3 Nd5 22. Nf5+ Kf6 23. Bxd5 exd5 24. Nd4 Rc8 25. Ra1 h5 26. Ra7 Rc7
27. Ra8 Nc4 28. b3 Nd6 29. Bf4 g5 30. Bxd6 Bxd6 31. Nb5 Re7+ 32. Kd3 Bc5 33.
Nd4 Re4 34. Nf3 Bxf2 35. Rh8 g4 36. hxg4 hxg4 37. Nd2 Re3+ 38. Kc2 d4 39. Rh6+
Kg5 40. Rd6 Rc3+ 41. Kd1 f5 42. Ke2 Be3 43. Rd5 43... Rc2 {champion-10 resigns}
0-1

[Event "ICS rated blitz match"]
[Site "204.178.125.65"]
[Date "1999.09.26"]
[Round "?"]
[White "cipolletti"]
[Black "Hossa"]
[Result "0-1"]
[WhiteElo "2315"]
[BlackElo "2522"]
[PlyCount "29"]
[EventDate "1999.??.??"]

1. d4 Nf6 2. Nf3 e6 3. Bg5 h6 4. Bxf6 Qxf6 5. Nbd2 d5 6. e4 Be7 7. Bd3 O-O 8.
e5 Qf4 9. h3 h5 10. g4 c5 11. c3 cxd4 12. cxd4 Nc6 13. Nb3 Bb4+ 14. Kf1 f6 15.
Qc1 {cipolletti resigns} 0-1

[Event "ICS rated blitz match"]
[Site "204.178.125.65"]
[Date "1999.09.09"]
[Round "?"]
[White "cipolletti"]
[Black "Hossa"]
[Result "0-1"]
[WhiteElo "2219"]
[BlackElo "2452"]
[PlyCount "63"]
[EventDate "1999.??.??"]

1. d4 d5 2. Nf3 Bf5 3. Bf4 e6 4. e3 Nd7 5. Be2 Ne7 6. O-O Ng6 7. Bg3 Be7 8.
Nbd2 O-O 9. Rc1 c5 10. c4 Rc8 11. cxd5 exd5 12. dxc5 Nxc5 13. Nd4 Bd7 14. b4
Ba4 15. N4b3 Nxb3 16. axb3 Rxc1 17. Qxc1 Be8 18. Qc3 Qb6 19. b5 Bxb5 20. Bc7
Qc6 21. Qxc6 Bxc6 22. Nf3 Rc8 23. Ba5 Bd7 24. Bd3 Bg4 25. Nd4 Ne5 26. Bb1 Bf6
27. Bd2 Rc5 28. f3 Bd7 29. b4 Rc8 30. Kf2 Nc4 31. Be1 Re8 32. e4 {
cipolletti resigns} 0-1

[Event "ICS rated blitz match"]
[Site "204.178.125.65"]
[Date "1999.10.16"]
[Round "?"]
[White "cipolletti"]
[Black "Hossa"]
[Result "0-1"]
[WhiteElo "2205"]
[BlackElo "2429"]
[PlyCount "40"]
[EventDate "1999.??.??"]

1. e4 e5 2. Nf3 Nc6 3. Bb5 a6 4. Bxc6 dxc6 5. O-O Bg4 6. h3 Bxf3 7. Qxf3 Ne7 8.
Rd1 Ng6 9. d4 exd4 10. c3 c5 11. Be3 d3 12. c4 Ne5 13. Qg3 Nxc4 14. b3 Bd6 15.
Bf4 Bxf4 16. Qxf4 Qd4 17. Nd2 Nxd2 18. Qxd2 Rd8 19. Rac1 O-O 20. Re1 20... b5 {
cipolletti resigns} 0-1

[Event "ICS rated blitz match"]
[Site "204.178.125.65"]
[Date "1999.09.19"]
[Round "?"]
[White "counterpart"]
[Black "Hossa"]
[Result "0-1"]
[WhiteElo "2273"]
[BlackElo "2570"]
[PlyCount "84"]
[EventDate "1999.??.??"]

1. e4 e5 2. Nf3 Nc6 3. Nc3 Bb4 4. Nd5 Nf6 5. Nxb4 Nxb4 6. Nxe5 Nxe4 7. Be2 d6
8. Nf3 O-O 9. O-O Re8 10. d3 Nf6 11. d4 Bf5 12. Ne1 Qe7 13. Bf3 Ne4 14. a3 Nc6
15. c3 Qh4 16. Nd3 Rac8 17. Be3 Rcd8 18. Nb4 Nxb4 19. axb4 a6 20. Ra5 d5 21.
Ra1 Rd6 22. Qc1 Rde6 23. Bf4 c6 24. Bg3 Qe7 25. Qf4 Nxg3 26. hxg3 Bd3 27. Rfd1
Bc2 28. Rdc1 Bg6 29. Qd2 Kh8 30. Qf4 f6 31. Qd2 Kg8 32. Qf4 Bf7 33. Qd2 f5 34.
Qf4 Bg6 35. Qd2 Kh8 36. Qf4 Qf7 37. Qd2 Bh5 38. Re1 Bxf3 39. gxf3 Qh5 40. Rxe6
Rxe6 41. Re1 Rh6 42. Kf1 42... Qh1+ {counterpart resigns} 0-1